000 00881cam a2200157 4500500
005 20260405002434.0
041 _afre
042 _adc
100 1 0 _aLabey, Gildas
_eauthor
245 0 0 _aFrançois Chirpaz , Dire le tragique et autres essais , L’Harmattan, 2010, 167 pages, 16 €
260 _c2010.
500 _a60
520 _aRésuméLa publication cette année de Laura, roman posthume et inachevé de Vladimir Nabokov (1899-1977) est l’occasion de revisiter l’œuvre de cet écrivain russe émigré aux Etats-Unis, du succès scandaleux de Lolita à son véritable chef-d’œuvre, Ada ou l’ardeur. Et d’évoquer aussi sa passion pour les papillons comme un miroir de son œuvre.
786 0 _nÉtudes | Tom 413 | 11 | 2010-10-29 | p. XIX-XIX | 0014-1941
856 4 1 _uhttps://shs.cairn.info/revue-etudes-2010-11-page-XIX?lang=fr&redirect-ssocas=7080
999 _c2057694
_d2057694